000 01121nam a22003013a 4500
005 20051014160153.0
008 050725t20052003nyu 000 1 eng d
010 _aENG-92058
020 _a9788189975845
_c195.00
035 _aEN-75591
037 _bDBAD / PUB
040 _adpl
_bEnglish
082 _a158
100 _aCanfield, Jack
245 _aJack Canfield's key to living the law of attraction:
_cby Jack Canfield and D.D. Watkins
_ba simple guide to creating the life of your dreams /
260 _aNew Delhi
_bWestland
_c2008
270 _aF-5, Okhla Industrial Area, Phase - I, Mezzanine Floor,
_bNew Delhi
_e110020
300 _avi, 138p.
_c21 cm (pbk)
650 _aNew Thought.
650 _aSuccess.
655 _aLove stories.
_2gsafd
655 _aDomestic fiction.
_2lcsh
700 _aWatkins, D.D.
710 _aCopyright Paperback Collection (Library of Congress)
942 _2ddc
_cEN
_mCAN
_h158
999 _c19557
_d19557